00615nam a2200181Ia 4500001001000000003000500010008004100015010001100056040000900067082002400076111008600100245011100186260003900297300001000336650003800346650004000384710000900424Para_7634CHAP220125s1999 xx 000 0 und d a206528 cCHAP aPA 632.7063 S5 1999 aSimposium Nacional de Parasitología Agrícola ( 25: 1999: Manzanillo, Colima.) aMemoria :b biodiversidad, fitosanidad y comercio en el Siglo XXI /c por Ingenieros Parasitólogos A.C. aManzanillo, Colima :b La Sociedad a59 p. aAgricultura x plagasxCongresos  aCultivos x enfermedadesxcongresos aIAP.